000 04116cam a2200337 4500500
005 20260208003215.0
041 _afre
042 _adc
100 1 0 _aRichebé, Nathalie
_eauthor
700 1 0 _aToustou, Béatrice
_eauthor
700 1 0 _aKaminska, Renata
_eauthor
245 0 0 _aNavigating Relational Spaces for Creativity : The Complementary Roles of Generalized and Reciprocal Social Exchange in R&D Teams
260 _c2026.
500 _a85
520 _aThis article explores how different forms of social exchange support the creative process. Drawing on Flynn’s (2005) distinction between generalized and reciprocal social exchange, we present a qualitative case study of an R&D department in a global tech company, analyzing each form’s contribution to the emergence and development of creativity. Generalized exchange—characterized by playful, spontaneous group interactions—fosters cognitive flexibility, collective engagement, and a sense of belonging. Reciprocal exchange—rooted in mutual trust and emotional closeness—provides targeted support and psychological safety during critical moments in the creative process. Our findings indicate the importance of enabling both generalized social exchange-based creative interactions and opportunities for individuals to step back and develop bilateral ties that serve as a ‘safety net’ for creativity. We recommend that human resource professionals facilitate both relational spaces, as they are complementary and essential for creativity to thrive. Given that researchers must navigate between these two relational spaces to sustain their creativity, human resource managers should also ensure a fluid transition from one to the other by designing organizational cultures and spaces that allow individuals to move freely between both relational spaces as needed.
520 _aEn s’appuyant sur la distinction de Flynn (2005) entre échange social généralisé et échange social réciproque, cet article examine comment chacune de ces deux formes d’échange social contribue à l’émergence et au développement de la créativité. A partir d’une étude de cas qualitative d’un département R&D dans une entreprise technologique internationale, nous montrons que l’échange social généralisé—caractérisé par des interactions de groupe ludiques et spontanées—favorise la flexibilité cognitive, l’engagement collectif et un sentiment d’appartenance, tandis que l’échange réciproque—ancré dans la confiance mutuelle et la proximité émotionnelle—apporte un soutien ciblé et une sécurité psychologique lors des moments critiques du processus créatif. Nos résultats soulignent ainsi l’importance, pour les responsables RH, de permettre à la fois des interactions créatives fondées sur l’échange social généralisé et des opportunités pour les individus de développer des liens bilatéraux qui servent de ’filet de sécurité’ pour la créativité, car ces deux espaces relationnels contribuent de manière complémentaire au processus créatif et sont essentiels à l’épanouissement de la créativité. Nous montrons aussi l’importance de veiller à une transition fluide de l’un à l’autre, en concevant des cultures et des espaces organisationnels permettant aux individus de naviguer librement entre ces deux espaces relationnels selon leurs besoins.
690 _aéchange social généralisé
690 _aéchange social réciproque
690 _aéquipes R&D
690 _aprocessus créatif
690 _aressources humaines creatives
690 _athéorie de l’échange social
690 _acreative Human Resources
690 _acreative process
690 _ageneralized social exchange
690 _aR&D teams
690 _areciprocal social exchange
690 _asocial exchange theory
786 0 _nRevue de gestion des ressources humaines | 138 | 4 | 2026-01-16 | p. 25-44 | 1163-913X
856 4 1 _uhttps://shs.cairn.info/revue-revue-de-gestion-des-ressources-humaines-2025-4-page-25?lang=en&redirect-ssocas=7080
999 _c1647308
_d1647308